| 000 | 01002nam a2200241Ia 4500 | ||
|---|---|---|---|
| 001 | Z_6038 | ||
| 008 | 220601s9999 xx 000 0 und d | ||
| 020 | _a968-884-297-4 | ||
| 082 | _a338.763 M86 | ||
| 100 | 1 |
_aMuñoz Rodríguez, Manrrubio _979670 |
|
| 245 | _aVisión y misión agroempresarial: qué hacer hoy, para la agricultura del mañana / Manrrubio Muñoz Rodríguez; coautor Vinicio Horacio Santoyo Cortés | ||
| 260 | _aMéxico : Universidad Autónoma Chapingo; Centro de Investigaciones Económicas, Sociales y Tecnológicas de la Agricultura y Agroindustria Mundial | ||
| 300 | _a297 p. | ||
| 503 | _aej.1: | ||
| 504 | _aIncluye bibliografía | ||
| 650 |
_a1.Empresas agrícolas 2.Instituciones financieras 3.Modalidades de asociación 4.Agronegocios _9183096 |
||
| 700 |
_aI. Santoyo Cortés, Vinicio Horacio, coaut.Ì _9183097 |
||
| 901 | _a338.763 M86 | ||
| 902 | _aM | ||
| 905 | _a0000001994 mx mn 0000000000spa00 | ||
| 942 | _c1 | ||
| 999 |
_c217044 _d217044 |
||